[Event "EU-ch 2nd"]
[Site "Ohrid"]
[Date "2001.06.07"]
[Round "7"]
[White "Volkov, Sergey"]
[Black "Grabarczyk, Miroslaw"]
[Result "1-0"]
[WhiteElo "2558"]
[BlackElo "2506"]
[Annotator "Tsesarsky,I"]
[PlyCount "63"]
[EventDate "2001.06.01"]
[EventType "swiss"]
[EventRounds "13"]
[EventCountry "YUG"]
[SourceTitle "CBM 084"]
[Source "ChessBase"]
[SourceDate "2001.09.13"]
[SourceVersion "1"]
[SourceVersionDate "2001.09.13"]
[SourceQuality "1"]

1. d4 d5 2. c4 c6 ({This section of commentaries please see after 7-th move...
} 2... e6 3. Nf3 dxc4 4. e3 c5 5. Bxc4 Nf6 6. O-O Nbd7 7. Qe2 $1 {[%cal Ge3e4]}
(7. Nc3 a6 (7... Be7 8. e4 (8. Qe2 a6 9. a4 (9. Bb3 b5 10. d5 exd5 11. Nxd5 c4
12. Nxe7 Qxe7 13. Bc2 O-O 14. a3 Bb7 15. Bd2 Rfe8 $11 {1-0 Yu Mingyuan-Hu Yi/
Budapest 1999/CBM 73 ext (43)}) 9... b6 10. d5 exd5 11. Nxd5 Nxd5 12. Bxd5 Rb8
13. e4 Qc7 14. e5 Nf8 15. Bc4 Qb7 16. Ng5 Bxg5 17. Bxg5 Ne6 18. Bd2 $132 {
1-0 Komljenovic,D-Josenhans,D/Andorra 1997/CBM 58 ext (26)}) 8... cxd4 9. Nxd4
O-O 10. Be3 Ne5 11. Be2 b6 12. f4 Ng6 13. e5 Nd5 14. Nxd5 exd5 15. Nc6 $16 {
1/2-1/2 Olivera,A-Balparda,J/Carrasco 1938/HCL (44)}) 8. a4 $5 (8. dxc5 Bxc5 9.
a3 $11 {1-0 Janssen,L-Wagner Michel,A/Freiberg 1970/EXT 2000 (34)})) (7. dxc5
Bxc5 8. Nc3 O-O 9. a3 $11 {1-0 Smolka,A-Volkhausen,T/GER 1997/EXT 2001 (26)})
7... a6 8. Rd1 Qc7 9. a4 b6 10. e4 cxd4 11. e5 Ng8 12. Bf4 $14 {1-0 Meskanen,
V-Korhonen,E/Espoo 1996/EXT 99 (30)}) 3. Nf3 Nf6 4. e3 e6 (4... Bf5 $5) 5. Bd3
Nbd7 6. O-O {This moves order purpose is to avoid complicated Meran variation.}
dxc4 (6... Bd6 {-mainline}) ({Worth of attention} 6... b6 $5 {This defence
method is popular in position with Nb1-c3 and Bf8-d6 move including. This
variation plays Galkin quite successfully:} 7. Nc3 Bb7 8. e4 (8. Qe2 Be7 9. b3
Qc7 10. Bb2 Rd8 11. Rac1 O-O 12. Rfd1 Qb8 13. e4 dxe4 14. Nxe4 c5 {1/2-1/2
Roiz,M-Galkin,A/Biel 2000/CBM 77 ext (14)}) 8... dxe4 9. Nxe4 Be7 10. Qe2 (10.
Bf4 O-O 11. Nd6 Qc7 12. c5 bxc5 13. dxc5 Nxc5 14. Nxb7 Qxb7 $17 {0-1 Zasukhin,
V-Galkin,A/Ekaterinburg 1997/CBM 57 ext (99)}) 10... O-O 11. b3 c5 12. Bb2 Qc7
13. Rad1 Rad8 14. Rfe1 (14. dxc5 bxc5 15. Rfe1 h6 16. h3 Rfe8 17. Bc3 Ba8 18.
Bc2 Bb7 19. Rd2 {1/2-1/2 Bauer,C-Galkin,A/Metz 2000/CBM 75 ext (19)}) 14...
cxd4 15. Bxd4 Bb4 16. Rf1 Qf4 17. Nfg5 Nxe4 18. Bxe4 Bxe4 {1/2-1/2 Kochyev,
A-Galkin,A/St Petersburg 1997/CBM 61 ext (18)}) 7. Bxc4 c5 {This move
transform the game to Accepted Queen Gambit position. Black lost tempo on
c7-c6-c5, White lost tempo on Bf1-d3xc4} (7... Be7 8. Nc3 (8. Qc2 O-O 9. e4 c5
(9... Re8 10. Bg5 $14 {1-0 Rethy,P-Sterk,K/Budapest 1937/EXT 99 (32)}) 10. Rd1
cxd4 11. Nxd4 Qa5 12. Nc3 Ne5 13. Bb3 Bd7 $132) (8. b3 b5 9. Be2 (9. Bd3 a6 10.
Bb2 Bb7 11. Nbd2 c5 $11 {1/2-1/2 Mustelin,J-Linqvist,G/Tampere 1989/EXT 97 (42)
}) 9... Bb7 10. Bb2 O-O 11. Nbd2 a6 12. a4 Qb8 $132 {1/2-1/2 Hansen,S-Hansen,L/
Copenhagen 1994/EXT 99 (60)}) 8... b5 (8... O-O 9. Qe2 b5 10. Bd3 Bb7 11. Rd1
a6 12. e4 c5 13. dxc5 Bxc5 14. e5 $14 {0-1 Koenig,I-Steiner,L/Vienna 1931/EXT
99 (29)}) 9. Bd3 b4 10. Na4 Bb7 11. e4 Rc8 12. Qe2 c5 13. dxc5 O-O 14. b3 Bxc5
15. Bb2 Be7 $11 {1-0 Krasenkow,M-Rahman,Z/Dhaka 1995/CBM 48 (45)}) (7... a6 8.
Re1 b5 9. Bb3 Be7 10. e4 O-O 11. Nc3 b4 12. Na4 $14 {0-1 Efimov,I-Antunes,A/
Andorra 1993/TD (86)}) 8. Qe2 ({See commentaries to the 2-move - above. The
same position was created after 6 moves, not after 7...} 8. Nc3 cxd4 (8... a6
9. dxc5 Bxc5 10. e4 Qc7 11. Qe2 b5 12. Bb3 Bd6 $132 {0-1 Soto Larrea,
M-Alekhine,A/Mexico 1932/HCL (29)}) 9. exd4 Nb6 10. Bb3 Be7 11. Ne5 O-O 12. Re1
Nbd5 13. Qf3 $14 {1-0 Zilberstein,D-Wolski,T/San Francisco 1998/CBM 63 ext (21)
}) 8... Be7 (8... a6 $5 9. Rd1 {[%cal Ge3e4]}) 9. e4 $1 {[%cal Ge4e5]} cxd4 10.
e5 Nd5 11. Bxd5 (11. Nxd4 O-O 12. Rd1 (12. Nd2 $6 N7b6 13. Rd1 (13. Bb3 Nf4 $17
{[%csl Rd4][%cal Gf4e2]}) 13... Nxc4 14. Nxc4 Bd7 $11) 12... Qc7 13. Bxd5 exd5
14. Nc3 Qxe5 15. Qxe5 Nxe5 16. Nxd5 Bd6 17. Bf4 f6 18. Nb5 Bb8 19. Rac1 $14)
11... exd5 12. Nxd4 O-O 13. Nc3 Nb6 14. Bf4 (14. Rd1 Be6 $132) 14... Be6 15.
Rad1 Qd7 16. b3 {[%csl Rb6]} (16. h3 Rac8 $132) 16... Bb4 $5 17. Qe3 (17. Nxe6
fxe6 18. Bd2 Bc5 $132) 17... Nc8 18. Nce2 Ne7 19. h4 Nc6 20. h5 Rac8 (20... Bg4
21. h6 Nxd4 22. Rxd4 Bc5 23. hxg7 Rfe8 24. Ng3 $44) 21. Qg3 Nxd4 22. Nxd4 Rc3
23. Be3 (23. f3 Bc5 {[%csl Rd4][%cal Gc5g1]} 24. Bh6 f5 25. exf6 Rxf6 26. Bg5
Rf8 27. Rfe1 $132) 23... Bc5 $4 $18 {Serious positional mistake. Now White can
force dark-squares BB exchange.} (23... Rfc8 $142 24. h6 g6 $132) 24. h6 {
[%csl Rg7] Weakening black squares near opponent K.} g6 25. Ne2 $1 {[%csl Rc3,
Rc5][%cal Ge2c3]} Rc2 26. Bxc5 Rxc5 27. Nf4 $1 {[%cal Gf4h5,Gh5f6] This move
disadvantage is clear: Black can push forward his weakness -Pd5. But dominant
N allocation on f6 will paralyse Black forces.} ({Not} 27. Nd4 $6 {[%csl Gd4,
Rd5,Rf6,Rg7] with excellent blockade N position. But this "slow method" is not
so effective like another one.} Rfc8 28. f4 Rc3 29. Qg5 (29. Rd3 Rxd3 30. Qxd3
$16) 29... Qd8 30. Qxd8+ Rxd8 31. Nb5 Rc2 32. Rf2 $16) 27... d4 28. Nh5 Kh8 29.
Nf6 Qc7 {[%csl Re5]} 30. Rfe1 ({After} 30. Rxd4 $5 {Black also loses by force:}
Rxe5 (30... Qxe5 31. Qxe5 Rxe5 32. Rfd1 Rc5 (32... Rf5 33. Rd8 $18) 33. Nd7
Bxd7 34. Rxd7 Kg8 (34... Rb5 35. Rxf7 $1 $18) 35. Rxb7 $18) 31. Rfd1 Bf5 (31...
Rc5 {[%tqu "En","?","","","f6d7","",10]} 32. Nd7 $1 Bxd7 (32... Qxg3 33. Nxf8
$3 $18 {[%csl Rg3]}) 33. Rxd7 Qxg3 34. fxg3 Kg8 35. Rxb7 $18) 32. Rd8 $1 Rxd8
33. Rxd8+ Qxd8 34. Qxe5 $18) 30... Rd8 31. Qf4 d3 ({Or} 31... Qe7 32. Rxd4 Rc2
33. Red1 Rdc8 34. Qg5 $18) 32. Nd5 1-0